Normal view MARC view

Entry Topical Term

Number of records used in: 1

001 - CONTROL NUMBER

  • control field: 21

003 - CONTROL NUMBER IDENTIFIER

  • control field: OSt

005 - DATE AND TIME OF LATEST TRANSACTION

  • control field: 20140507162047.0

008 - FIXED-LENGTH DATA ELEMENTS

  • fixed length control field: 090820|||a|||||| | ||| d

040 ## - CATALOGING SOURCE

  • Original cataloging agency: OSt
  • Transcribing agency: OSt

150 ## - HEADING--TOPICAL TERM

  • Topical term or geographic name entry element: CGI (Computer network protocol)

670 ## - SOURCE DATA FOUND

  • Source citation: Work cat.: (OSt)10: Guelich, Scott. 8, CGI programming with Perl /, 2000.